North Dakota State Football: Top 10 All-Time Leaders - Statistics

General Stats
  • This quiz has been taken 13 times
  • The average score is 11 of 61
Answer Stats
Category # Player Amount % Correct
Passing Yards 5 Carson Wentz 5,115
100%
Passing Yards 2 Easton Stick 8,693
78%
Passing Yards 1 Cam Miller 9,721
67%
Receiving Yards 8 Christian Watson 2,140
44%
Passing Yards 3 Brock Jensen 8,598
33%
Rushing Yards 2 John Crockett 4,309
33%
Interceptions 1 Marcus Williams 21
33%
Rushing Yards 9 DJ McNorton 2,985
22%
Rushing Yards 1 Lamar Gordon 4,696
22%
Tackles 9 Nick DeLuca 329
22%
Receiving Yards 5 RJ Urzendowski 2,435
22%
Passing Yards 7 Ryan Johnson 3,806
22%
Rushing Yards 4 Sam Ojuri 3,694
22%
Sacks T9 Spencer Waege 20.5
22%
Passing Yards 4 Steve Walker 7,033
22%
Rushing Yards 7 Tony Satter 3,212
22%
Tackles 4 Carlton Littlejohn 345
11%
Rushing Yards 6 Chris Simdorn 3,313
11%
Interceptions T6 Christian Dudzik 13
11%
Sacks 7 Cole Jirik 26.0
11%
Tackles 8 Colten Heagle 336
11%
Sacks 6 Coulter Boyer 27.5
11%
Receiving Yards 2 Darrius Shepherd 2,841
11%
Sacks 5 Derrek Tuszka 29.5
11%
Sacks T9 Don Meyer 20.5
11%
Passing Yards 9 Graig Gorder 3,564
11%
Tackles 10 Grant Olson 326
11%
Sacks 4 Greg Menard 33.5
11%
Rushing Yards 5 Jake Morris 3,688
11%
Interceptions 5 James Hendricks 14
11%
Rushing Yards 10 Jeff Bentrim 2,945
11%
Sacks T1 Jerry Dahl 35.5
11%
Tackles 1 Jim Dick 412
11%
Passing Yards 6 Kevin Feeney 4,757
11%
Receiving Yards 3 Kole Heckendorf 2,732
11%
Sacks T1 Kyle Emanuel 35.5
11%
Rushing Yards 3 Kyle Steffes 3,952
11%
Rushing Yards 8 Lance Dunn 3,028
11%
Receiving Yards 9 Len Kretchman 1,915
11%
Passing Yards 8 Mark Speral 3,721
11%
Interceptions T9 Matt Gorman 12
11%
Interceptions T9 Matt Swanson 12
11%
Tackles T5 Michael Tutsie 338
11%
Interceptions T9 Mikel Kallenbach 12
11%
Sacks 8 Mike Stratton 22.5
11%
Passing Yards 10 Nick Mertens 3,496
11%
Interceptions T6 Nick Schommer 13
11%
Sacks 3 Phil Hansen 35.0
11%
Tackles 2 Rick Buddle 403
11%
Interceptions 2 Robbie Grimsley 17
11%
Tackles 3 Sean Fredricks 380
11%
Interceptions T3 Steve Krumrei 16
11%
Tackles T5 Steve Nelson 338
11%
Receiving Yards 6 Tim Strehlow 2,332
11%
Tackles 7 Todd Lecy 337
11%
Receiving Yards 10 Travis White 1,834
11%
Interceptions T3 Tre Dempsey 16
11%
Receiving Yards 4 TR McDonald 2,544
11%
Receiving Yards 7 Warren Holloway 2,232
11%
Interceptions T6 Wayne Schluchter 13
11%
Receiving Yards 1 Zach Vraa 2,957
11%
No matching quizzes found
Score Distribution
Percent of People with Each Score
Percentile by Number Answered
Your Score History
You have not taken this quiz